000 00227nam a2200109Ia 4500
999 _c6747
_d6747
020 _a978-1681231198
100 _aFred Luthans
245 0 _aOrganizational Behavior
260 _aUSA
_bPearson
_c1995
300 _a592
942 _cBK